000 00310pam a2200121a 44500
008 230405s2017 xxu||||| |||| 00| 0 eng d
041 _aENG
100 _aSalivahanan Suresh Kumar
245 _aElectronic Devices & Circuits
260 _aNew Delhi
_bMcGraw Hill Edu.
_c2017
300 _a1224
906 _a19119
999 _c309617
_d309617